000 00668nam a2200217 u 4500
005 20220628073936.0
008 170131s1985 mx r 000 0 spa d
020 _a9682201640
035 _aUPN01000215707
049 _aCG
050 4 _aPQ9697 A4.2
_bG3.2a
100 1 _aAmado, Jorge,
_d1912-2001
_930788
245 1 0 _aGabriela clavo y canela /
_cJorge Amado ; tr. Haydée Jofré Barroso.
260 _aMéxico :
_bOrigen :
_bPlaneta,
_cc1985.
300 _a357 p.
440 0 _aLiteratura contemporánea seix barral ;
_v22
534 _pTitulo original:
_tGabriela, cravo e canela
650 0 _aNovela brasileña
_95077
905 _aLibro
999 _c187807
_d187807